Statystyki dla Karate

Kliknij tutaj aby rozwiązać quiz!

Ogólne statystyki

  • Ten quiz został rozwiązany 23 razy
  • Średni wynik to 7 z 17

Statystyki odpowiedzi

JapońskiPolski% Poprawnych
hidarilewa
81%
migiprawa
81%
hizakolano
76%
ukeblok
71%
seikenpięść
67%
kiaiokrzyk
57%
morotepodwójne
48%
tsukiuderzenie
48%
kinkrocze
43%
baraizagarnięcie
38%
gedanstrefa dolna
19%
jodanstrefa górna
19%
chudanstrefa środkowa
14%
maew przód
14%
keagekopnięcie z prostą nogą
5%
gerikopnięcie z zgiętą nogą
5%
haisokusklepienie stopy
5%

Rozkład punktacji

Percentyl według liczby udzielonych odpowiedzi

Procent ludzi z każdym wynikiem

Twoja historia wyników

Nie rozwiązałeś tego quizu